JOURNAL OF TROPICAL GEOGRAPHY (Record no. 4366)

MARC details
000 -LEADER
fixed length control field 00527nam a2200157Ia 4500
022 ## - INTERNATIONAL STANDARD SERIAL NUMBER
ISSN 0022-5290
245 #0 - TITLE STATEMENT
Title JOURNAL OF TROPICAL GEOGRAPHY
246 ## - VARYING FORM OF TITLE
Title proper/short title Bifurcated to: Singapore Journal of Tropical Geography 2. Malaysian Journal of Tropical Geography
260 ## - PUBLICATION, DISTRIBUTION, ETC. (IMPRINT)
Name of publisher Department of Geography, Kent Ridge
Place of publication Singapore
310 ## - CURRENT PUBLICATION FREQUENCY
Current publication frequency SA
500 ## - GENERAL NOTE
General note Ending Volume & Year: 49, 1979
500 ## - GENERAL NOTE
General note Missing Volume: 19;36
500 ## - GENERAL NOTE
General note Starting Volume & Year: 18, 1964
942 ## - ADDED ENTRY ELEMENTS (KOHA)
Koha item type Bound Journal
Holdings
Withdrawn status Lost status Damaged status Not for loan Home library Current library Date acquired Accession Number Koha item type
      Bound journals RRII Library RRII Library 31/12/2021 04338J Bound Journal